|
|
|
|
| LEADER |
00797nam a2200229 i 4500 |
| 001 |
c000332077 |
| 003 |
CARM |
| 005 |
00000000000000.0 |
| 008 |
760303s1975 fr a i00000 eng |
| 015 |
|
|
|a F***
|
| 019 |
1 |
|
|a 780864
|
| 020 |
|
|
|a 9231012622
|
| 050 |
0 |
0 |
|a PN1993.7
|b .E3
|
| 245 |
0 |
4 |
|a The Education of the film-maker :
|b an international view.
|
| 260 |
|
|
|a Paris :
|b Unesco Press ;
|a Washington, D.C. :
|b distributed by the American Film Institute,
|c 1975.
|
| 300 |
|
|
|a 182 p. :
|b ill. ;
|c 21 cm.
|
| 500 |
|
|
|a Papers presented at a Unesco seminar held in Belgrade, Yugoslavia, 1972.
|
| 500 |
|
|
|a "[A30]SHC.74/D.81/A."
|
| 650 |
|
0 |
|a Motion pictures
|x Study and teaching.
|
| 710 |
2 |
|
|a Unesco.
|
| 082 |
0 |
4 |
|a 791.43/07
|
| 999 |
f |
f |
|i d92253db-b7c6-5592-a8b9-d8ba13a9da75
|s ff241ced-b066-5a3e-bb82-162095365fcb
|